Statistics for Countries by most Portuguese speakers

Click here to take the quiz!

General Stats

  • This quiz has been taken 23 times
  • The average score is 7 of 10

Answer Stats

PopulationCountry% Correct
203,062,512Brazil
100%
10,467,366Portugal
95%
35,981,281Angola
91%
32,513,805Mozambique
82%
1,340,513East Timor
59%
220,372São Tomé and Príncipe
59%
561,901Cape Verde
55%
2,078,820Guinea-Bissau
55%
682,300Macau/China
45%
1,679,172Equatorial Guinea
27%

Score Distribution

Percentile by Number Answered

Percent of People with Each Score

Your Score History

You have not taken this quiz